Number Substitution Cipher Quiz #2 - Statistics

General Stats
  • This quiz has been taken 14 times
  • The average score is 14 of 20
Answer Stats
Encoded Word Answer % Correct
8 15 20 Hot
100%
18 21 14 Run
100%
7 12 5 1 13 Gleam
88%
19 14 15 23 13 1 14 Snowman
88%
5 24 20 18 1 16 15 12 1 20 5 Extrapolate
63%
9 7 12 15 15 Igloo
63%
10 21 11 5 2 15 24 Jukebox
63%
13 9 18 18 15 18 Mirror
63%
16 1 16 5 18 Paper
63%
16 5 1 3 8 Peach
63%
16 12 5 1 19 5 Please
63%
17 21 9 18 11 25 Quirky
63%
18 1 14 3 9 4 Rancid
63%
19 9 12 12 25 Silly
63%
19 20 18 1 14 4 Strand
63%
19 21 4 19 Suds
63%
20 18 5 5 Tree
63%
22 9 2 18 1 14 20 Vibrant
63%
23 1 19 8 Wash
63%
25 5 12 12 15 23 Yellow
63%
No matching quizzes found
Score Distribution
Percent of People with Each Score
Percentile by Number Answered
Your Score History
You have not taken this quiz